Electronic Properties of Engineering Materials. (Record no. 7327)

MARC details
000 -LEADER
fixed length control field 01376cam a2200325 a 4500
001 - CONTROL NUMBER
control field 2615487
003 - CONTROL NUMBER IDENTIFIER
control field OSt
005 - DATE AND TIME OF LATEST TRANSACTION
control field 20231013133843.0
008 - FIXED-LENGTH DATA ELEMENTS--GENERAL INFORMATION
fixed length control field 980520s1999 nyua b 001 0 eng
010 ## - LIBRARY OF CONGRESS CONTROL NUMBER
LC control number 98024461
020 ## - INTERNATIONAL STANDARD BOOK NUMBER
International Standard Book Number 047131627X (cloth : alk. paper)
040 ## - CATALOGING SOURCE
Original cataloging agency DLC
Transcribing agency DDC
Modifying agency DLC
050 00 - LIBRARY OF CONGRESS CALL NUMBER
Classification number TK7871
Item number .L58 1999
082 00 - DEWEY DECIMAL CLASSIFICATION NUMBER
Classification number 620.112 LIV 1999.
100 1# - MAIN ENTRY--PERSONAL NAME
Personal name Edited by Livingston,James D.
9 (RLIN) 15014
245 10 - TITLE STATEMENT
Title Electronic Properties of Engineering Materials.
260 ## - PUBLICATION, DISTRIBUTION, ETC. (IMPRINT)
Place of publication, distribution, etc. New York;
Name of publisher, distributor, etc. Wiley,
Date of publication, distribution, etc. c1999.
300 ## - PHYSICAL DESCRIPTION
Extent xiv,320p.
Other physical details ill. ;
Dimensions 25cm.
490 1# - SERIES STATEMENT
Series statement MIT series in materials science & engineering
504 ## - BIBLIOGRAPHY, ETC. NOTE
Bibliography, etc Includes; bibliographical references and index.
650 #0 - SUBJECT ADDED ENTRY--TOPICAL TERM
Topical term or geographic name as entry element Engineering
9 (RLIN) 373
830 #0 - SERIES ADDED ENTRY--UNIFORM TITLE
Uniform title MIT series in materials science and engineering.
9 (RLIN) 15015
856 42 - ELECTRONIC LOCATION AND ACCESS
Materials specified Contributor biographical information
Uniform Resource Identifier <a href="http://www.loc.gov/catdir/bios/wiley041/98024461.html">http://www.loc.gov/catdir/bios/wiley041/98024461.html</a>
856 42 - ELECTRONIC LOCATION AND ACCESS
Materials specified Publisher description
Uniform Resource Identifier <a href="http://www.loc.gov/catdir/description/wiley032/98024461.html">http://www.loc.gov/catdir/description/wiley032/98024461.html</a>
856 4# - ELECTRONIC LOCATION AND ACCESS
Materials specified Table of Contents
Uniform Resource Identifier <a href="http://www.loc.gov/catdir/toc/onix03/98024461.html">http://www.loc.gov/catdir/toc/onix03/98024461.html</a>
906 ## - LOCAL DATA ELEMENT F, LDF (RLIN)
a 7
b cbc
c orignew
d 1
e ocip
f 19
g y-gencatlg
942 ## - ADDED ENTRY ELEMENTS (KOHA)
Source of classification or shelving scheme Dewey Decimal Classification
Koha item type Open Shelf
Holdings
Withdrawn status Lost status Source of classification or shelving scheme Damaged status Not for loan Home library Current library Date acquired Source of acquisition Inventory number Total Checkouts Full call number Barcode Date last seen Koha item type
    Dewey Decimal Classification     Main Kihumuro Campus Main Kihumuro Campus 04/10/2021 Purchase 11/33419   620.112LIV 1999. 2021-1397 04/10/2021 Open Shelf